[Event "Cto Aragon Equipos Pref Gr I "]
[Site "Aragon"]
[Date "2018.03.03"]
[Round "6.35"]
[White "Aviol Perez, Jose Mariano"]
[Black "Labrador Postigo, Francisco M"]
[Result "0-1"]
[WhiteElo "1786"]
[BlackElo "1901"]
[PlyCount "92"]
[EventDate "2018.??.??"]
[EventType "tourn"]
[EventRounds "9"]
[EventCountry "ESP"]
[WhiteTeam "Actur Rey Fernando"]
[BlackTeam "El Olivar C"]

1. d4 d5 2. Nf3 Nc6 3. g3 Bg4 4. Bg2 e6 5. O-O Be7 6. c4 Nf6 7. Ne5 Bh5 8. Nxc6
bxc6 9. Nc3 O-O 10. Qa4 Qd7 11. Bg5 Rfd8 12. Rfd1 h6 13. Bxf6 Bxf6 14. Rd2 Be7
15. e4 dxc4 16. e5 Rab8 17. Bxc6 Qc8 18. Rc1 Rb4 19. Qxa7 Rb6 20. Qa4 Qb8 21.
Qxc4 Rb4 22. Qf1 Rxb2 23. Rxb2 Qxb2 24. d5 Ba3 25. dxe6 Qxc1 26. Qxc1 Bxc1 27.
e7 Rb8 28. e8=Q+ Rxe8 29. Bxe8 Bf3 30. Bd7 Bb2 31. e6 fxe6 32. Bxe6+ Kf8 33.
Nb5 c6 34. Nc7 Bd4 35. Na6 Ke7 36. Bc4 Kd6 37. Kf1 Bf6 38. Be2 Bd5 39. Bd3 Bxa2
40. Ke2 Bd5 41. f3 c5 42. Be4 Bc4+ 43. Bd3 Bb3 44. Bb5 c4 45. f4 Bc3 46. g4 Ba5
0-1

[Event "Cto Aragon Equipos Pref Gr I "]
[Site "Aragon"]
[Date "2018.03.03"]
[Round "6.36"]
[White "Hernandez Delgado, Gabriel"]
[Black "Arbiol Val, Sergio"]
[Result "1-0"]
[WhiteElo "1853"]
[BlackElo "1631"]
[PlyCount "81"]
[EventDate "2018.??.??"]
[EventType "tourn"]
[EventRounds "9"]
[EventCountry "ESP"]
[WhiteTeam "El Olivar C"]
[BlackTeam "Actur Rey Fernando"]

1. Nf3 d5 2. g3 Nf6 3. Bg2 Bg4 4. c4 e6 5. O-O Be7 6. b3 O-O 7. Bb2 Nbd7 8. Nc3
c6 9. d3 Qb6 10. Na4 Qc7 11. Rc1 Rad8 12. Rc2 dxc4 13. bxc4 e5 14. Nd2 Rfe8 15.
Re1 Qa5 16. Nc3 Nc5 17. Qa1 Na4 18. Nb3 Qa6 19. Nxa4 Qxa4 20. Bxe5 Bb4 21. Bc3
Nd7 22. f3 Bh5 23. Bxb4 Qxb4 24. Qc3 Qb6+ 25. c5 Qc7 26. d4 Nf6 27. e4 Re7 28.
Re3 Rde8 29. Rce2 Qd8 30. Qe1 a5 31. g4 a4 32. Na5 Bg6 33. Nc4 Qxd4 34. Nd6 Rd8
35. Qc3 Qxc3 36. Rxc3 Ne8 37. Rd2 Re6 38. f4 Nxd6 39. f5 Ree8 40. Rcd3 Kf8 41.
Rxd6 1-0

[Event "Cto Aragon Equipos Pref Gr I "]
[Site "Aragon"]
[Date "2018.03.03"]
[Round "6.37"]
[White "Accattato Martin, Mario"]
[Black "Carruez Gracia, Eduardo"]
[Result "1-0"]
[WhiteElo "2224"]
[BlackElo "2024"]
[PlyCount "85"]
[EventDate "2018.??.??"]
[EventType "tourn"]
[EventRounds "9"]
[EventCountry "ESP"]
[WhiteTeam "Monsalud-Soluzion"]
[BlackTeam "Agrupacion C"]

1. e4 e5 2. Nf3 Nc6 3. d4 exd4 4. Bc4 Bc5 5. c3 Nf6 6. e5 d5 7. Bb5 Ne4 8. cxd4
Bb4+ 9. Nbd2 O-O 10. O-O Bg4 11. Bxc6 bxc6 12. Qa4 Nxd2 13. Nxd2 Bxd2 14. Bxd2
Bd7 15. Qc2 Qh4 16. f4 g5 17. fxg5 Qxd4+ 18. Kh1 Qe4 19. Qxe4 dxe4 20. Rf4 Rad8
21. Bc3 e3 22. Re4 Bf5 23. Rxe3 Rd5 24. a3 Rfd8 25. h4 c5 26. Kh2 Rd3 27. Rxd3
Rxd3 28. Rf1 Be6 29. Rf4 c4 30. h5 Rd7 31. Rf6 Bg4 32. Ra6 c5 33. h6 Rc7 34.
Ba5 Rb7 35. Rc6 Be6 36. Rxc5 Rxb2 37. Bb4 Rb3 38. Rb5 f6 39. Rb8+ Kf7 40. Rf8+
Kg6 41. Rxf6+ Kxg5 42. Rxe6 c3 43. Rc6 1-0

[Event "Cto Aragon Equipos Pref Gr I "]
[Site "Aragon"]
[Date "2018.03.03"]
[Round "6.38"]
[White "Carruez Berges, Fernando"]
[Black "Miranda Herrera, Jorge Manuel"]
[Result "1-0"]
[WhiteElo "1981"]
[BlackElo "1858"]
[PlyCount "75"]
[EventDate "2018.??.??"]
[EventType "tourn"]
[EventRounds "9"]
[EventCountry "ESP"]
[WhiteTeam "Agrupacion C"]
[BlackTeam "Monsalud-Soluzion"]

1. e4 d6 2. d4 Nf6 3. Nc3 g6 4. f4 Bg7 5. Nf3 O-O 6. Bd3 c5 7. dxc5 dxc5 8. O-O
Nc6 9. Kh1 b6 10. a3 Bb7 11. e5 Nd5 12. Ne4 Qd7 13. Nfg5 Rad8 14. e6 fxe6 15.
Nxh7 e5 16. Nxf8 Rxf8 17. Bc4 e6 18. Ng5 Nce7 19. Qg4 Rf6 20. fxe5 Rxf1+ 21.
Bxf1 Nf5 22. Bf4 Bc8 23. Rd1 b5 24. c4 bxc4 25. Bxc4 Bb7 26. Nf3 Qa4 27. b3 Qe8
28. Re1 a5 29. Nh4 a4 30. Nxf5 gxf5 31. Qg3 Qh5 32. Be2 Qf7 33. bxa4 Qc7 34.
Bc4 Kf7 35. Qh4 Qa5 36. Rb1 Nb6 37. Qh5+ Kf8 38. Bxe6 1-0

[Event "Cto Aragon Equipos Pref Gr I "]
[Site "Aragon"]
[Date "2018.03.03"]
[Round "6.39"]
[White "Miranda Garcia, Eduardo"]
[Black "Serrat Claver, David"]
[Result "1-0"]
[WhiteElo "1810"]
[BlackElo "1910"]
[PlyCount "103"]
[EventDate "2018.??.??"]
[EventType "tourn"]
[EventRounds "9"]
[EventCountry "ESP"]
[WhiteTeam "Monsalud-Soluzion"]
[BlackTeam "Agrupacion C"]

1. e4 e5 2. Nf3 Nc6 3. Bc4 Bc5 4. O-O d6 5. h3 Nf6 6. d3 Be6 7. Bb3 Bxb3 8.
axb3 h6 9. Nc3 O-O 10. Na4 Bb6 11. Nxb6 axb6 12. Bd2 Rxa1 13. Qxa1 d5 14. exd5
Nxd5 15. Qa4 Qd6 16. Qc4 Kh8 17. Re1 f5 18. Bc3 Re8 19. Nd4 Nxd4 20. Bxd4 Re6
21. Bc3 c6 22. Bd2 b5 23. Qh4 Kh7 24. Kh1 Qc5 25. c3 Nf6 26. Qg3 Qd5 27. c4
bxc4 28. bxc4 Qd6 29. Bc3 Nd7 30. f4 Rg6 31. fxe5 Rxg3 32. exd6 Rxd3 33. Re7
Nc5 34. Rxg7+ Kh8 35. Rg3+ Rxc3 36. Rxc3 Kg7 37. Kg1 Kf7 38. b4 Ne4 39. Re3
Nxd6 40. c5 Ne4 41. g4 Ke6 42. gxf5+ Kxf5 43. Ra3 Nf6 44. Ra7 Nd5 45. Rxb7 Ke6
46. Kf2 Ke5 47. Kf3 Nf6 48. Rb6 Kd5 49. b5 Nd7 50. Rxc6 Nxc5 51. Rxc5+ Kxc5 52.
Kg4 1-0

[Event "Cto Aragon Equipos Pref Gr I "]
[Site "Aragon"]
[Date "2018.03.03"]
[Round "6.40"]
[White "Montes Llorente, Diego"]
[Black "Soto Fidalgo, Guillermo"]
[Result "1-0"]
[WhiteElo "1775"]
[BlackElo "1809"]
[PlyCount "51"]
[EventDate "2018.??.??"]
[EventType "tourn"]
[EventRounds "9"]
[EventCountry "ESP"]
[WhiteTeam "Agrupacion C"]
[BlackTeam "Monsalud-Soluzion"]

1. Nf3 d5 2. d4 Nf6 3. g3 e6 4. Bg2 Bd6 5. Bg5 h6 6. Bxf6 Qxf6 7. Nbd2 c5 8. c3
Nc6 9. dxc5 Bxc5 10. O-O Bb6 11. e4 d4 12. Nc4 e5 13. Qa4 Bc7 14. cxd4 exd4 15.
e5 Qd8 16. Nxd4 O-O 17. Nxc6 Qe8 18. Rad1 a6 19. Nd6 Bxd6 20. exd6 Kh8 21. Rfe1
Qd7 22. Re7 Qg4 23. Qxg4 Bxg4 24. f3 Be6 25. Nd4 Bxa2 26. b3 1-0

[Event "Cto Aragon Equipos Pref Gr I "]
[Site "Aragon"]
[Date "2018.03.03"]
[Round "6.41"]
[White "Malo Guillen, Jose Luis"]
[Black "Ocabo Vera, Pedro Aristides"]
[Result "1-0"]
[WhiteElo "2113"]
[BlackElo "1800"]
[PlyCount "59"]
[EventDate "2018.??.??"]
[EventType "tourn"]
[EventRounds "9"]
[EventCountry "ESP"]
[WhiteTeam "Las Fuentes"]
[BlackTeam "Monzon B"]

1. d4 g6 2. c4 Bg7 3. Nf3 d6 4. g3 Nf6 5. Bg2 O-O 6. O-O h6 7. Nc3 Nbd7 8. e4
c5 9. h3 Rb8 10. Be3 a6 11. dxc5 Nxc5 12. e5 Nfe4 13. Nxe4 Nxe4 14. Qd5 Ng5 15.
exd6 Nxh3+ 16. Kh2 Be6 17. dxe7 Qxe7 18. Qc5 Qf6 19. Bd4 Qd8 20. Bxg7 Kxg7 21.
Bxh3 Qf6 22. Bxe6 Qxf3 23. Bd5 Qh5+ 24. Kg2 Rfe8 25. Qd4+ f6 26. Rae1 Re5 27.
Rxe5 fxe5 28. Qh4 Qf5 29. Qe7+ Kh8 30. Re1 1-0

[Event "Cto Aragon Equipos Pref Gr I "]
[Site "Aragon"]
[Date "2018.03.03"]
[Round "6.42"]
[White "Sanroman Lopez, Julian"]
[Black "Alonso Blasco, Jose Miguel"]
[Result "1/2-1/2"]
[WhiteElo "1760"]
[BlackElo "1949"]
[PlyCount "40"]
[EventDate "2018.??.??"]
[EventType "tourn"]
[EventRounds "9"]
[EventCountry "ESP"]
[WhiteTeam "Monzon B"]
[BlackTeam "Las Fuentes"]

1. b3 e5 2. Bb2 d6 3. e3 Nf6 4. d3 Be7 5. Nd2 Nc6 6. a3 d5 7. c4 Be6 8. Qc2 a5
9. Ngf3 d4 10. e4 Bc5 11. Be2 Qe7 12. O-O O-O 13. Kh1 Nd7 14. Ng1 Rae8 15. f3
Kh8 16. Rf2 f5 17. Qd1 f4 18. g4 Qh4 19. Qe1 Rf6 20. Rg2 Qxe1 1/2-1/2

[Event "Cto Aragon Equipos Pref Gr I "]
[Site "Aragon"]
[Date "2018.03.03"]
[Round "6.43"]
[White "Morato Garcia, Jesus"]
[Black "Arrieta Restrepo, Steven"]
[Result "0-1"]
[WhiteElo "1914"]
[BlackElo "1687"]
[PlyCount "112"]
[EventDate "2018.??.??"]
[EventType "tourn"]
[EventRounds "9"]
[EventCountry "ESP"]
[WhiteTeam "Las Fuentes"]
[BlackTeam "Monzon B"]

1. d4 Nf6 2. c4 e6 3. Nf3 Bb4+ 4. Bd2 Bxd2+ 5. Nbxd2 d5 6. e3 O-O 7. Bd3 Nbd7
8. O-O b6 9. Rc1 c5 10. cxd5 exd5 11. b3 Bb7 12. Qe2 Ne4 13. Rfd1 Rc8 14. Ba6
Qc7 15. Bxb7 Qxb7 16. dxc5 bxc5 17. Nxe4 dxe4 18. Ng5 Ne5 19. Qh5 h6 20. Ne6
Nd3 21. Nxf8 Nxc1 22. Rxc1 Rxf8 23. Qxc5 Rd8 24. Kf1 Qa6+ 25. Ke1 Qxa2 26. Qc2
Qa5+ 27. Qc3 Qg5 28. Kf1 Qh5 29. Qc2 Qxh2 30. Qc7 Qxc7 31. Rxc7 Rb8 32. Rc3 a5
33. Ke2 Rb4 34. Kd1 a4 35. bxa4 Rxa4 36. Rc5 Ra2 37. Ke1 g6 38. g4 Ra1+ 39. Ke2
Rg1 40. f3 Rg2+ 41. Kf1 exf3 42. Rc4 Kg7 43. Rf4 g5 44. Rxf3 Rxg4 45. Kf2 Kg6
46. Kf1 Re4 47. Kf2 f5 48. Kg3 g4 49. Rf2 Rxe3+ 50. Kg2 Kg5 51. Kg1 h5 52. Kg2
h4 53. Kg1 g3 54. Rf1 h3 55. Rd1 Kg4 56. Kh1 f4 0-1

[Event "Cto Aragon Equipos Pref Gr I "]
[Site "Aragon"]
[Date "2018.03.03"]
[Round "6.44"]
[White "Sanjuan Perez, Jose Antonio"]
[Black "Artal Alegria, Francisco Javier"]
[Result "0-1"]
[WhiteElo "1686"]
[BlackElo "1878"]
[PlyCount "70"]
[EventDate "2018.??.??"]
[EventType "tourn"]
[EventRounds "9"]
[EventCountry "ESP"]
[WhiteTeam "Monzon B"]
[BlackTeam "Las Fuentes"]

1. d4 Nf6 2. c4 c5 3. Nf3 e6 4. Nc3 d5 5. e3 Nc6 6. a3 a6 7. Bd3 dxc4 8. Bxc4
b5 9. Bb3 Bb7 10. O-O c4 11. Bc2 Bd6 12. e4 e5 13. d5 Na5 14. Bg5 h6 15. Bh4 g5
16. Bg3 Nd7 17. Qd2 f6 18. Qe2 Qe7 19. Nd2 Nc5 20. h3 h5 21. h4 Qh7 22. Qe3 Rg8
23. Nf3 Qg7 24. hxg5 fxg5 25. Nxe5 h4 26. Nf7 Bf4 27. Nd6+ Kd8 28. Qxc5 hxg3
29. Qb6+ Qc7 30. Nxb7+ Nxb7 31. Qxc7+ Kxc7 32. fxg3 Be3+ 33. Rf2 Raf8 34. Nd1
Bb6 35. Kf1 Rxf2+ 0-1

[Event "Cto Aragon Equipos Pref Gr I "]
[Site "Aragon"]
[Date "2018.03.03"]
[Round "6.45"]
[White "Vallverdu Miret, Oscar"]
[Black "Cid Royo, Jonathan"]
[Result "1-0"]
[WhiteElo "2082"]
[BlackElo "2244"]
[PlyCount "71"]
[EventDate "2018.??.??"]
[EventType "tourn"]
[EventRounds "9"]
[EventCountry "ESP"]
[WhiteTeam "Fraga"]
[BlackTeam "L'Aurora Estadilla"]

1. d4 d5 2. Bf4 e6 3. e3 Bd6 4. Bg3 f5 5. Nf3 Nf6 6. c4 c6 7. Nc3 O-O 8. Bxd6
Qxd6 9. Ne5 Nbd7 10. f4 Ne4 11. Nxe4 fxe4 12. Qd2 a5 13. Be2 Nxe5 14. dxe5 Qe7
15. h4 b6 16. Rc1 Bb7 17. Bg4 Rad8 18. c5 bxc5 19. Qxa5 c4 20. a3 Ra8 21. Qc3
c5 22. O-O Ra6 23. g3 Rb6 24. Qd2 Ba6 25. Rf2 Rb3 26. Rc3 Qd7 27. Rxb3 cxb3 28.
Qa5 Qc6 29. f5 exf5 30. Rxf5 Ra8 31. e6 Be2 32. Qxa8+ Qxa8 33. Bxe2 c4 34. e7
c3 35. Rxd5 c2 36. Rd8+ 1-0

[Event "Cto Aragon Equipos Pref Gr I "]
[Site "Aragon"]
[Date "2018.03.03"]
[Round "6.46"]
[White "Cid Royo, Oscar"]
[Black "Aribau Rivas, Miguel Angel"]
[Result "0-1"]
[WhiteElo "2001"]
[BlackElo "2029"]
[PlyCount "92"]
[EventDate "2018.??.??"]
[EventType "tourn"]
[EventRounds "9"]
[EventCountry "ESP"]
[WhiteTeam "L'Aurora Estadilla"]
[BlackTeam "Fraga"]

1. d4 Nf6 2. Nf3 g6 3. g3 Bg7 4. Bg2 O-O 5. O-O d6 6. b3 c5 7. Bb2 Qc7 8. c4 a6
9. Nc3 Nbd7 10. e4 Rb8 11. Qe2 cxd4 12. Nxd4 Nc5 13. Rad1 Qb6 14. Kh1 Re8 15.
h3 Bd7 16. Kh2 e5 17. Nc2 Rbd8 18. Qe3 Qc7 19. Nb4 Bc6 20. Nbd5 Nxd5 21. Nxd5
Bxd5 22. Rxd5 Ne6 23. Qd3 Qb6 24. Ba3 Bf8 25. Qd2 Nc7 26. c5 Qc6 27. Rd3 Nb5
28. Bb4 Nd4 29. cxd6 Bxd6 30. Bc3 Nb5 31. Bb2 Bc7 32. Rd5 Qb6 33. f4 exf4 34.
gxf4 Rxd5 35. exd5 Qe3 36. Qxe3 Rxe3 37. a4 Rxb3 38. Be5 Bxe5 39. fxe5 Nc3 40.
d6 Nxa4 41. Rxf7 Kxf7 42. Bd5+ Ke8 43. Bxb3 Nc5 44. Bd5 Kd7 45. Kg2 b5 46. Kf2
Nd3+ 0-1

[Event "Cto Aragon Equipos Pref Gr I "]
[Site "Aragon"]
[Date "2018.03.03"]
[Round "6.47"]
[White "Alsina Franco, Sergio"]
[Black "Felez Casedas, Carlos"]
[Result "1/2-1/2"]
[WhiteElo "1857"]
[BlackElo "1998"]
[PlyCount "83"]
[EventDate "2018.??.??"]
[EventType "tourn"]
[EventRounds "9"]
[EventCountry "ESP"]
[WhiteTeam "Fraga"]
[BlackTeam "L'Aurora Estadilla"]

1. e4 d5 2. exd5 Qxd5 3. Nc3 Qd8 4. d4 Nf6 5. h3 e6 6. Nf3 Be7 7. Bd3 b6 8. Ne4
Bb7 9. Nxf6+ Bxf6 10. c3 Nd7 11. O-O O-O 12. Qe2 Re8 13. Bf4 Nf8 14. Be4 Bxe4
15. Qxe4 Ng6 16. Rfe1 Rc8 17. Bg3 c6 18. Ne5 Qd5 19. Qe2 Bxe5 20. Bxe5 Nxe5 21.
dxe5 Rcd8 22. Red1 Qc5 23. c4 h6 24. b3 a5 25. Rab1 b5 26. cxb5 cxb5 27. Rbc1
Rxd1+ 28. Rxd1 Rc8 29. Rd2 Qc3 30. Rd3 Qc1+ 31. Rd1 Qc2 32. Rd2 Qb1+ 33. Kh2
Rc1 34. Rd3 Re1 35. Qf3 Rxe5 36. Rd8+ Kh7 37. Qxf7 Qf5 38. Qg8+ Kg6 39. Rf8 Qe4
40. Qf7+ Kh7 41. Qg8+ Kg6 42. Qf7+ 1/2-1/2

[Event "Cto Aragon Equipos Pref Gr I "]
[Site "Aragon"]
[Date "2018.03.03"]
[Round "6.48"]
[White "Pellicer Cemeli, Jose Luis"]
[Black "Chine Infantes, Miguel Angel"]
[Result "0-1"]
[WhiteElo "1969"]
[BlackElo "1768"]
[PlyCount "88"]
[EventDate "2018.??.??"]
[EventType "tourn"]
[EventRounds "9"]
[EventCountry "ESP"]
[WhiteTeam "L'Aurora Estadilla"]
[BlackTeam "Fraga"]

1. d4 b6 2. c4 Bb7 3. Nc3 e6 4. Nf3 Bb4 5. Qb3 Bxc3+ 6. Qxc3 h6 7. Bf4 Nf6 8.
e3 d6 9. h3 Nbd7 10. Be2 Ne4 11. Qc2 g5 12. Bh2 f5 13. Ng1 h5 14. f3 Nef6 15.
Bd3 Qe7 16. O-O-O O-O-O 17. Ne2 g4 18. e4 gxf3 19. gxf3 fxe4 20. fxe4 e5 21. d5
h4 22. Nc3 Nc5 23. Be2 Rdg8 24. Rdg1 Qh7 25. Bf3 Kb8 26. Rxg8+ Rxg8 27. Rg1 Bc8
28. Rxg8 Qxg8 29. b4 Na6 30. a3 Bxh3 31. c5 Bf1 32. Qf2 Qg5+ 33. Kc2 Bc4 34.
Be2 Bxe2 35. Qxe2 Nxc5 36. bxc5 dxc5 37. Qf3 Nh5 38. Ne2 Nf6 39. Bg1 h3 40. Kd3
Qg6 41. Ng3 Nxd5 42. Kc4 Nf4 43. Bh2 Qe6+ 44. Kb5 c6+ 0-1

[Event "Cto Aragon Equipos Pref Gr I "]
[Site "Aragon"]
[Date "2018.03.03"]
[Round "6.50"]
[White "Gutierrez Mingueza, Ruben"]
[Black "Maza Broto, Pablo"]
[Result "0-1"]
[WhiteElo "2080"]
[BlackElo "2076"]
[PlyCount "128"]
[EventDate "2018.??.??"]
[EventType "tourn"]
[EventRounds "9"]
[EventCountry "ESP"]
[WhiteTeam "San Jose"]
[BlackTeam "Jaime Casas B"]

1. d4 Nf6 2. Bg5 e6 3. e4 d5 4. e5 h6 5. Be3 Ne4 6. f3 Qh4+ 7. g3 Nxg3 8. Bf2
Qe7 9. hxg3 Qb4+ 10. Nd2 Qxb2 11. Qc1 Qc3 12. Rb1 Ba3 13. Qd1 O-O 14. Bd3 c5
15. Ne2 Qa5 16. c3 c4 17. Bc2 b5 18. Be3 Nc6 19. Kf2 f6 20. exf6 Rxf6 21. g4 g5
22. Rh5 Bf8 23. Kg2 b4 24. cxb4 Nxb4 25. Nc1 Bd7 26. Rh1 Nxc2 27. Qxc2 Ba4 28.
Qb2 c3 29. Qa1 cxd2 30. Nb3 Qa6 31. Kf2 Qd3 32. Nxd2 Rc8 33. Rbc1 Bc2 34. Nb1
Qe4 35. Nd2 Qxg4 36. Qb2 Qf5 37. Qb7 Rc3 38. Qb2 Qd3 39. Rhe1 Ba3 40. Qb8+ Rf8
41. Qe5 Qf5 42. Qxf5 exf5 43. Nb1 Rxe3 44. Rxc2 Rxe1 45. Kxe1 Bb4+ 46. Kf2 Rb8
47. Ke2 Kf7 48. Rc7+ Be7 49. Nc3 Ke6 50. Rxa7 Rb2+ 51. Kd3 g4 52. Ra6+ Bd6 53.
fxg4 fxg4 54. Ne2 Kd7 55. Ra7+ Bc7 56. Nf4 Kc6 57. Nxd5 Kxd5 58. Rxc7 Rxa2 59.
Rc5+ Ke6 60. Rh5 g3 61. Rxh6+ Kf5 62. Rh8 g2 63. Rg8 Kf4 64. d5 Ra3+ 0-1

[Event "Cto Aragon Equipos Pref Gr I "]
[Site "Aragon"]
[Date "2018.03.03"]
[Round "6.51"]
[White "Rodriguez Leiva, Manuel"]
[Black "Ferreruela Romero, Jose Joaquin"]
[Result "0-1"]
[WhiteElo "1935"]
[BlackElo "2021"]
[PlyCount "72"]
[EventDate "2018.??.??"]
[EventType "tourn"]
[EventRounds "9"]
[EventCountry "ESP"]
[WhiteTeam "Jaime Casas B"]
[BlackTeam "San Jose"]

1. c4 b6 2. Nc3 e6 3. d4 Bb7 4. e4 Bb4 5. Bd3 f5 6. exf5 Bxg2 7. fxe6 Nf6 8.
Bg5 Bxc3+ 9. bxc3 Bxh1 10. Qe2 dxe6 11. O-O-O Nbd7 12. Nh3 Qe7 13. Rxh1 Qa3+
14. Qb2 Qxb2+ 15. Kxb2 O-O-O 16. Re1 Rde8 17. f3 Kb8 18. Nf2 e5 19. d5 Nc5 20.
Bc2 Rhf8 21. Be3 Nfd7 22. Bxc5 Nxc5 23. Re3 Rf4 24. Nd3 Nxd3+ 25. Bxd3 Rh4 26.
Re2 g6 27. Kb3 Kc8 28. Kb4 Kd7 29. Kb5 Kd6 30. Be4 a6+ 31. Kb4 Rf8 32. Rg2 Rh3
33. Rb2 g5 34. Rg2 h6 35. a3 Rf4 36. Re2 Rfh4 0-1

[Event "Cto Aragon Equipos Pref Gr I "]
[Site "Aragon"]
[Date "2018.03.03"]
[Round "6.52"]
[White "Palomar Ramon, Santiago"]
[Black "Salas Latorre, Jose"]
[Result "1-0"]
[WhiteElo "1914"]
[BlackElo "1769"]
[PlyCount "93"]
[EventDate "2018.??.??"]
[EventType "tourn"]
[EventRounds "9"]
[EventCountry "ESP"]
[WhiteTeam "San Jose"]
[BlackTeam "Jaime Casas B"]

1. e4 d5 2. exd5 Nf6 3. c4 c6 4. dxc6 Nxc6 5. Nc3 e5 6. d3 Bc5 7. Be2 O-O 8.
Nf3 Bf5 9. O-O h6 10. a3 a5 11. Qc2 Qe7 12. Ne4 Nxe4 13. dxe4 Bg6 14. Re1 Rfd8
15. Bf1 Bh5 16. Qc3 Rd6 17. Be3 Rg6 18. Bxc5 Qxc5 19. b4 Qe7 20. b5 Nd4 21.
Nxd4 exd4 22. Qxd4 Rd6 23. Qc5 Bg4 24. e5 Rd7 25. Qxe7 Rxe7 26. f3 Be6 27. c5
Rc8 28. c6 bxc6 29. b6 Rb8 30. Rab1 Reb7 31. Bd3 Rxb6 32. Rxb6 Rxb6 33. Rb1
Rxb1+ 34. Bxb1 Kf8 35. Kf2 Ke7 36. Ke3 c5 37. Be4 Kd7 38. Kd3 Kc7 39. Kc3 Kb6
40. Bd3 Bd5 41. Be2 Kc6 42. g3 Be6 43. f4 Kb6 44. g4 g6 45. h3 Kc6 46. a4 Kd5
47. Bf3# 1-0

[Event "Cto Aragon Equipos Pref Gr II"]
[Site "Aragon"]
[Date "2018.03.03"]
[Round "6.53"]
[White "Garcia Morales, Roberto"]
[Black "Fabre Perez, Jose Maria"]
[Result "0-1"]
[WhiteElo "2066"]
[BlackElo "1943"]
[PlyCount "46"]
[EventDate "2018.??.??"]
[EventType "tourn"]
[EventRounds "9"]
[EventCountry "ESP"]
[WhiteTeam "Agrupacion B"]
[BlackTeam "Marcos Frechin B"]

1. e4 c5 2. b4 cxb4 3. d4 d5 4. exd5 Nf6 5. a3 Nxd5 6. axb4 Bf5 7. Qf3 Bxc2 8.
Bb5+ Nc6 9. Na3 Bg6 10. Ne2 e5 11. O-O e4 12. Qb3 Be7 13. Bd2 O-O 14. Bxc6 bxc6
15. Rfc1 Qd7 16. Nc4 Bf6 17. Na5 Rfc8 18. Qc4 Nb6 19. Qc3 Bh5 20. f3 exf3 21.
gxf3 Re8 22. Kf2 Qh3 23. Rh1 Rxe2+ 0-1

[Event "Cto Aragon Equipos Pref Gr II"]
[Site "Aragon"]
[Date "2018.03.03"]
[Round "6.54"]
[White "Gaspar Calvo, Luis Alberto"]
[Black "Montes Santos, Lorenzo"]
[Result "1-0"]
[WhiteElo "1915"]
[BlackElo "2058"]
[PlyCount "89"]
[EventDate "2018.??.??"]
[EventType "tourn"]
[EventRounds "9"]
[EventCountry "ESP"]
[WhiteTeam "Marcos Frechin B"]
[BlackTeam "Agrupacion B"]

1. c4 Nf6 2. Nc3 g6 3. g3 Bg7 4. Bg2 O-O 5. d4 c5 6. d5 d6 7. e4 a6 8. a4 e6 9.
Nge2 exd5 10. cxd5 Re8 11. O-O b6 12. h3 Ra7 13. Be3 Rae7 14. Qc2 Bb7 15. Rab1
Nbd7 16. Rfd1 h6 17. g4 Ne5 18. f4 Nc4 19. Bf2 Qd7 20. Qd3 b5 21. axb5 axb5 22.
b4 Na3 23. bxc5 dxc5 24. Bxc5 Nxb1 25. Rxb1 Qc8 26. Bxe7 Rxe7 27. Qxb5 Kh7 28.
e5 Ba6 29. Qa5 Bxe2 30. Nxe2 Qc2 31. Qb5 Ne4 32. Rc1 Qd2 33. Bxe4 Qe3+ 34. Kf1
Qxe4 35. Qc5 Qf3+ 36. Ke1 Rb7 37. d6 Rb2 38. Rc2 Rb1+ 39. Kd2 Qf1 40. Qg1 Rd1+
41. Kc3 Qxh3+ 42. Qg3 Qh1 43. Rd2 Rxd2 44. Kxd2 g5 45. Qd3+ 1-0

[Event "Cto Aragon Equipos Pref Gr II"]
[Site "Aragon"]
[Date "2018.03.03"]
[Round "6.55"]
[White "Martinez Asensio, Juan Miguel"]
[Black "Ruiperez Gumiel, Ramon"]
[Result "1-0"]
[WhiteElo "2022"]
[BlackElo "1845"]
[PlyCount "65"]
[EventDate "2018.??.??"]
[EventType "tourn"]
[EventRounds "9"]
[EventCountry "ESP"]
[WhiteTeam "Agrupacion B"]
[BlackTeam "Marcos Frechin B"]

1. e4 g6 2. d4 Bg7 3. Nc3 f6 4. Nf3 Nh6 5. Be2 Nf7 6. Be3 O-O 7. h4 Nc6 8. d5
Nce5 9. Nh2 g5 10. h5 h6 11. g3 Nd6 12. Bd4 c6 13. Bxe5 fxe5 14. O-O Qb6 15. b3
Qd4 16. Qd3 Nxe4 17. Qxe4 e6 18. dxc6 bxc6 19. Ng4 Qxe4 20. Nxe4 d5 21. Nc5 e4
22. Rad1 Rf7 23. Kg2 Bf8 24. b4 Kg7 25. Ne5 Rc7 26. f3 Bd6 27. Ng4 exf3+ 28.
Rxf3 Bxc5 29. bxc5 e5 30. Rf6 Bxg4 31. Rg6+ Kh7 32. Bxg4 a5 33. Rf1 1-0

[Event "Cto Aragon Equipos Pref Gr II"]
[Site "Aragon"]
[Date "2018.03.03"]
[Round "6.56"]
[White "Obon Zuniga, Francisco"]
[Black "Garcia Valer, Jesus"]
[Result "1-0"]
[WhiteElo "1796"]
[BlackElo "1879"]
[PlyCount "91"]
[EventDate "2018.??.??"]
[EventType "tourn"]
[EventRounds "9"]
[EventCountry "ESP"]
[WhiteTeam "Marcos Frechin B"]
[BlackTeam "Agrupacion B"]

1. d4 d5 2. c4 e6 3. Nc3 Nf6 4. Bg5 Be7 5. e3 h6 6. Bh4 Ne4 7. Bxe7 Qxe7 8.
cxd5 Nxc3 9. bxc3 exd5 10. Qb3 c6 11. Nf3 O-O 12. Bd3 Nd7 13. O-O b6 14. a4 Bb7
15. a5 Rab8 16. axb6 axb6 17. Ra7 b5 18. Rfa1 Qe6 19. Qc2 Rfe8 20. Bh7+ Kh8 21.
Bf5 Qe7 22. Bxd7 Qxd7 23. Ne5 Qe6 24. Qe2 Kg8 25. Qh5 c5 26. g4 cxd4 27. cxd4
Ra8 28. g5 hxg5 29. Nxf7 Rxa7 30. Rxa7 Qxf7 31. Qxf7+ Kxf7 32. Rxb7+ Re7 33.
Rxb5 Ke6 34. Rb6+ Kf5 35. Kg2 Rc7 36. Rd6 Ke4 37. Re6+ Kd3 38. Re5 Rd7 39. Rxg5
Ke2 40. h4 Rf7 41. Rxd5 Rxf2+ 42. Kg3 Rf3+ 43. Kg4 Kxe3 44. Rf5 Rxf5 45. Kxf5
Kxd4 46. Kg6 1-0

[Event "Cto Aragon Equipos Pref Gr II"]
[Site "Aragon"]
[Date "2018.03.03"]
[Round "6.57"]
[White "Planas Torrea, Francisco Javier"]
[Black "Cajo Esteban, Ruben"]
[Result "1/2-1/2"]
[WhiteElo "2029"]
[BlackElo "1892"]
[PlyCount "108"]
[EventDate "2018.??.??"]
[EventType "tourn"]
[EventRounds "9"]
[EventCountry "ESP"]
[WhiteTeam "Ejea"]
[BlackTeam "Dr. Azua"]

1. e4 e6 2. d4 d5 3. exd5 exd5 4. Bd3 Bd6 5. Ne2 Nc6 6. c3 Nge7 7. Bf4 Bg4 8.
f3 Bf5 9. O-O Qd7 10. Bxd6 Qxd6 11. Ng3 Bxd3 12. Qxd3 O-O 13. Na3 Rae8 14. Rfe1
a6 15. Nc2 Qg6 16. Qd2 Nd8 17. Nb4 Ne6 18. Nd3 Nc6 19. Re2 Re7 20. Rae1 Rfe8
21. Ne5 Nxe5 22. Rxe5 c6 23. f4 Kf8 24. Qe3 Qf6 25. Nf5 Rd7 26. Nxg7 Kxg7 27.
f5 Rde7 28. fxe6 Rxe6 29. Rxe6 Rxe6 30. Qg3+ Qg6 31. Qxg6+ Kxg6 32. Rxe6+ fxe6
33. Kf2 Kf5 34. Kf3 e5 35. g4+ Kf6 36. dxe5+ Kxe5 37. h4 c5 38. a4 d4 39. cxd4+
cxd4 40. b4 d3 41. Ke3 d2 42. Kxd2 Kf4 43. Kd3 Kxg4 44. Kd4 Kxh4 45. Kc5 Kg5
46. Kb6 h5 47. Kxb7 h4 48. Kxa6 h3 49. b5 h2 50. b6 h1=Q 51. a5 Qc6 52. Ka7
Qd7+ 53. b7 Qd4+ 54. Ka8 Qd8+ 1/2-1/2